书目信息 |
| 题名: |
世纪之争:中国,一个经济大国的崛起
|
|
| 作者: | 程超泽 著 | |
| 分册: | ||
| 出版信息: | 北京 新华出版社 1998.01 |
|
| 页数: | 332页 | |
| 开本: | 32开 | |
| 丛书名: | ||
| 单 册: | ||
| 中图分类: | F124 | |
| 科图分类: | ||
| 主题词: | 经济--中国 | |
| 电子资源: | ||
| ISBN: | 7-5011-3896-6 | |
| 000 | 00586nam0 2200193 45 | |
| 001 | 0011180919 | |
| 005 | 20001118092709.8 | |
| 010 | @a7-5011-3896-6@d18.80元 | |
| 100 | @a20001118d1998 km y0chiy0120 ea | |
| 101 | 0 | @achi |
| 105 | @a z 000yy | |
| 200 | 1 | @a世纪之争:中国,一个经济大国的崛起@AShi Ji Zhi Zheng:Zhong Guo,Yi Ge Jing Ji Da Guo De Jue Qi@f程超泽著@FCheng Chao Ze Zhu |
| 210 | @a北京@c新华出版社@d1998.01 | |
| 215 | @a332页@d32开 | |
| 606 | 0 | @a经济@x中国 |
| 690 | @aF124@v3 | |
| 701 | 0 | @a程超泽@4著 |
| 801 | @aCN@bPftUser@c20001118 | |
| 905 | @b411820-824@dF124@eCH909@f5 | |
| 世纪之争:中国,一个经济大国的崛起/程超泽著.-北京:新华出版社,1998.01 |
| 332页;32开 |
| ISBN 7-5011-3896-6:18.80元 |
| ● |
| 相关链接 |
|
|
|
正题名:世纪之争:中国,一个经济大国的崛起
索取号:F124/CH909
 
预约/预借
| 序号 | 登录号 | 条形码 | 馆藏地/架位号 | 状态 | 备注 |
| 1 | 411820 | 204118203 | 社科库409/400B社科库 16排4列3层/ [索取号:F124/CH909] | 在馆 | |
| 2 | 411821 | 204118212 | 法学院资料室/ [索取号:F124/CH909] | 在馆 | |
| 3 | 411822 | 204118221 | 社科库409/400B社科库 3排3列5层/ [索取号:F124/CH909] | 在馆 | |
| 4 | 411823 | 204118230 | 社科库409/409社科库 69排1列5层/ [索取号:F124/CH909] | 在馆 | |
| 5 | 411824 | 204118249 | 社科二线422/409社科库 69排1列5层/ [索取号:F124/CH909] | 在馆 |